[Event "Benalmadena Rapid op 1st"]
[Site "Benalmadena"]
[Date "2023.02.26"]
[Round "8"]
[White "Diaz Mino, Pablo"]
[Black "Alba Fernandez, Nicolas"]
[Result "1-0"]
[WhiteElo "2234"]
[BlackElo "2039"]
[PlyCount "67"]
[EventDate "2023.02.25"]
[EventType "swiss (rapid)"]
[EventRounds "9"]
[EventCountry "ESP"]
[SourceTitle "CBM 212 Extra"]
[Source "ChessBase"]
[SourceDate "2023.03.31"]
[SourceVersion "1"]
[SourceVersionDate "2023.03.31"]
[SourceQuality "1"]

1. e4 c5 2. c3 Nf6 3. e5 Nd5 4. d4 cxd4 5. Nf3 Nc6 6. cxd4 d6 7. Bc4 dxe5 8. dxe5 Be6 9. 0-0 g6 10. Ng5 Bg7 11. Nxe6 fxe6 12. f4 Qb6+ 13. Kh1 Rd8 14. Qg4 Qd4 15. Na3 0-0 16. Qxe6+ Kh8 17. Bxd5 Rxd5 18. Be3 Qd3 19. Rfe1 Nxe5 20. Bg1 Rxf4 21. Re3 Qd2 22. Rae1 Nc6 23. R3e2 Qd3 24. Qc8+ Nd8 25. Rxe7 Bf6 26. Re8+ Kg7 27. Qc7+ Nf7 28. Qxf4 Bxb2 29. Nc4 Bf6 30. R8e3 Qc2 31. R3e2 Qc3 32. Qe4 Rd4 33. Bxd4 Bxd4 34. Rc2 1-0

[Event "Benalmadena Rapid op 1st"]
[Site "Benalmadena"]
[Date "2023.02.26"]
[Round "4"]
[White "Merario Alarcon, Andres"]
[Black "Diaz Mino, Pablo"]
[Result "1-0"]
[WhiteElo "2449"]
[BlackElo "2234"]
[PlyCount "93"]
[EventDate "2023.02.25"]
[EventType "swiss (rapid)"]
[EventRounds "9"]
[EventCountry "ESP"]
[SourceTitle "CBM 212 Extra"]
[Source "ChessBase"]
[SourceDate "2023.03.31"]
[SourceVersion "1"]
[SourceVersionDate "2023.03.31"]
[SourceQuality "1"]

1. d4 Nf6 2. c4 g6 3. Nc3 Bg7 4. e4 d6 5. h3 0-0 6. Be3 c6 7. g4 Na6 8. Bg2 e5 9. Nge2 exd4 10. Nxd4 Re8 11. 0-0 Nc5 12. Qc2 Qe7 13. Rfe1 a5 14. Rad1 Nfd7 15. Nde2 Ne5 16. b3 Na6 17. f4 Nd7 18. Qd2 Bf8 19. g5 Ndc5 20. Ng3 a4 21. Qb2 axb3 22. axb3 Nb4 23. Bxc5 dxc5 24. e5 Bg7 25. Qf2 Ra3 26. Qb2 Ra8 27. Nge4 Rd8 28. Rxd8+ Qxd8 29. Rd1 Qe7 30. Qf2 b6 31. Nf6+ Kh8 32. Qh4 Bxf6 33. gxf6 Qf8 34. Qh6 Bf5 35. Qxf8+ Rxf8 36. Be4 Bxh3 37. Na4 h6 38. Nxb6 Re8 39. Kf2 Be6 40. Na4 Ra8 41. Nxc5 Ra2+ 42. Kg3 Ra8 43. Nxe6 fxe6 44. Rd7 Rg8 45. Ra7 c5 46. Kh4 Rf8 47. Bxg6 1-0

[Event "Benalmadena Rapid op 1st"]
[Site "Benalmadena"]
[Date "2023.02.25"]
[Round "2"]
[White "Gomez Ledo, Roberto Carlos"]
[Black "Diaz Mino, Pablo"]
[Result "1-0"]
[WhiteElo "2432"]
[BlackElo "2234"]
[PlyCount "27"]
[EventDate "2023.02.25"]
[EventType "swiss (rapid)"]
[EventRounds "9"]
[EventCountry "ESP"]
[SourceTitle "EXT 2024"]
[Source "ChessBase"]
[SourceDate "2023.10.10"]
[SourceVersion "1"]
[SourceVersionDate "2023.10.10"]
[SourceQuality "1"]

1. Nf3 Nf6 2. b3 g6 3. Bb2 Bg7 4. d4 0-0 5. e3 d5 6. Be2 Ne4 7. 0-0 c6 8. c4 Bg4 9. Nbd2 f5 10. Rc1 Nd7 11. Nxe4 fxe4 12. Nd2 Be6 13. Bg4 g5 14. Bxe6+ 1-0

[Event "Malaga op 15th"]
[Site "Malaga"]
[Date "2021.10.30"]
[Round "3"]
[White "Diaz Mino, Pablo"]
[Black "Garcia Ruiz, Angel"]
[Result "0-1"]
[WhiteElo "2292"]
[BlackElo "1890"]
[PlyCount "102"]
[EventDate "2021.10.29"]
[EventType "swiss"]
[EventRounds "7"]
[EventCountry "ESP"]
[SourceTitle "CBM 204 Extra"]
[Source "ChessBase"]
[SourceDate "2021.11.30"]
[SourceVersion "1"]
[SourceVersionDate "2021.11.30"]
[SourceQuality "1"]

1. e4 e5 2. Nf3 Nc6 3. Bb5 a6 4. Ba4 Nf6 5. d4 exd4 6. 0-0 Be7 7. Re1 0-0 8. e5 Ne8 9. c3 b5 10. Bc2 d6 11. cxd4 dxe5 12. Be4 Bb7 13. dxe5 g6 14. Bh6 Ng7 15. Qc1 Na5 16. Bxb7 Nxb7 17. Nc3 c6 18. Ne4 Re8 19. Qxc6 Na5 20. Qc2 Rc8 21. Qe2 Nf5 22. Bf4 Nc6 23. Red1 Qb6 24. g4 Ng7 25. Rd7 Ne6 26. Be3 Qb8 27. Nf6+ Bxf6 28. exf6 Ne5 29. Nxe5 Qxe5 30. Qf3 Qxb2 31. Rad1 Rcd8 32. Rxd8 Rxd8 33. Rxd8+ Nxd8 34. g5 Qxa2 35. Qa8 Qa1+ 36. Kg2 Qd1 37. Qc8 Qd6 38. f3 h6 39. Bc5 Qd2+ 40. Kh3 Qd5 41. Kg3 Qxg5+ 42. Kf2 Qxf6 43. Be3 Kh7 44. Qc5 Ne6 45. Qb4 Qe5 46. Qh4 g5 47. Qh3 Nf4 48. Qd7 Qd5 49. Qxd5 Nxd5 50. Bd4 Kg6 51. Ke2 Kf5 0-1

[Event "ESP-ch 86th"]
[Site "Linares"]
[Date "2021.08.23"]
[Round "8"]
[White "Diaz Mino, Pablo"]
[Black "Garrido Outon, Alex"]
[Result "1/2-1/2"]
[WhiteElo "2301"]
[BlackElo "2373"]
[PlyCount "115"]
[EventDate "2021.08.16"]
[EventType "swiss"]
[EventRounds "9"]
[EventCountry "ESP"]
[SourceTitle "CBM 204 Extra"]
[Source "ChessBase"]
[SourceDate "2021.11.30"]
[SourceVersion "1"]
[SourceVersionDate "2021.11.30"]
[SourceQuality "1"]

1. e4 c5 2. c3 Nf6 3. e5 Nd5 4. d4 cxd4 5. Nf3 e6 6. cxd4 d6 7. Bc4 Be7 8. 0-0 0-0 9. a3 Bd7 10. Bd3 dxe5 11. dxe5 Bc6 12. Qc2 h6 13. Qe2 a5 14. Rd1 Nd7 15. Qe4 N5f6 16. Qf4 Bxf3 17. gxf3 Nd5 18. Qe4 f5 19. exf6 Rxf6 20. Bc2 Qc7 21. Rxd5 exd5 22. Qxd5+ Kh8 23. Qe4 Nf8 24. Nc3 Re6 25. Qf5 Re1+ 26. Kg2 Bd6 27. Nb5 Qc5 28. Nxd6 Qxd6 29. Bf4 Qe7 30. Bd6 Qxd6 31. Rxe1 b6 32. Rd1 Qc7 33. Bb3 Re8 34. Rd4 Rb8 35. Bc2 Rc8 36. Bb1 Qc1 37. Rf4 Qc5 38. Qxc5 bxc5 39. Ra4 Rb8 40. Rxa5 Rxb2 41. Bf5 g6 42. Bc8 c4 43. Rc5 Ra2 44. Rxc4 Rxa3 45. f4 Kg7 46. h4 Ra7 47. f5 gxf5 48. Bxf5 Kf6 49. Bd3 Ne6 50. Rg4 Rg7 51. Rxg7 Nxg7 52. Kg3 Ne6 53. Kg4 Nd4 54. Bb1 Ne2 55. f3 Nd4 56. f4 Ne6 57. f5 Ng7 58. Kf4 1/2-1/2

[Event "ESP-ch U18"]
[Site "Salobrena"]
[Date "2021.07.28"]
[Round "5"]
[White "Bringas Gomez, Artai"]
[Black "Diaz Mino, Pablo"]
[Result "0-1"]
[WhiteElo "2098"]
[BlackElo "2306"]
[PlyCount "96"]
[EventDate "2021.07.26"]
[EventType "swiss"]
[EventRounds "9"]
[EventCountry "ESP"]
[SourceTitle "CBM 203 Extra"]
[Source "ChessBase"]
[SourceDate "2021.09.30"]
[SourceVersion "1"]
[SourceVersionDate "2021.09.30"]
[SourceQuality "1"]

1. Nc3 e5 2. e3 g6 3. d4 Bg7 4. dxe5 Bxe5 5. Nf3 Bg7 6. e4 Ne7 7. Bc4 Nbc6 8. h4 d6 9. h5 Be6 10. Bxe6 fxe6 11. hxg6 hxg6 12. Rxh8+ Bxh8 13. Ng5 Qd7 14. Qf3 0-0-0 15. Bd2 Nb4 16. Qd1 Bg7 17. a3 Rh8 18. Nh3 Nbc6 19. Qg4 Ne5 20. Qe2 N7c6 21. Be3 Nf7 22. Qd3 Nce5 23. Qe2 Qc6 24. 0-0-0 Nc4 25. Bd4 Bh6+ 26. Kb1 e5 27. Nd5 Qb5 28. Qg4+ Kb8 29. Bc3 Nxa3+ 30. Ka2 Nxc2 31. f4 c6 32. Rd2 cxd5 33. Rxc2 Qc4+ 34. Kb1 Qxe4 35. Qd7 Qf5 36. Qe7 Rc8 37. g4 Qxg4 38. Qxf7 Qd1+ 39. Rc1 Qd3+ 40. Rc2 Qf1+ 41. Rc1 Qxh3 42. Qxd5 Qf5+ 43. Rc2 exf4 44. Qxf5 gxf5 45. Rh2 Bg5 46. Rh7 f3 47. Rf7 Rc4 48. Be1 Rc1+ 0-1

[Event "ESP-ch U18"]
[Site "Salobrena"]
[Date "2021.07.26"]
[Round "1"]
[White "Diaz Mino, Pablo"]
[Black "Rico Carretero, Jose Carlos"]
[Result "1-0"]
[WhiteElo "2306"]
[BlackElo "1802"]
[PlyCount "69"]
[EventDate "2021.07.26"]
[EventType "swiss"]
[EventRounds "9"]
[EventCountry "ESP"]
[SourceTitle "CBM 203 Extra"]
[Source "ChessBase"]
[SourceDate "2021.09.30"]
[SourceVersion "1"]
[SourceVersionDate "2021.09.30"]
[SourceQuality "1"]

1. d4 Nf6 2. c4 e6 3. g3 b6 4. Bg2 d5 5. Nf3 Bb7 6. Ne5 Nbd7 7. Qa4 c6 8. 0-0 Be7 9. Bf4 Nxe5 10. dxe5 Nd7 11. cxd5 Nc5 12. Qc2 cxd5 13. Rd1 Rc8 14. Nc3 0-0 15. Qd2 a6 16. h4 b5 17. Rac1 b4 18. Nb1 Qb6 19. Be3 Qa5 20. Bg5 f6 21. exf6 Bxf6 22. Bxf6 Rxf6 23. a3 Qb6 24. Qxb4 Qa7 25. Qd4 Qb6 26. Rd2 e5 27. Bxd5+ Kf8 28. Qe3 Bxd5 29. Rxd5 Rfc6 30. Qxe5 Nb3 31. Rxc6 Qxc6 32. Nc3 Re8 33. Qd6+ Qxd6 34. Rxd6 a5 35. e3 1-0

[Event "ESP-ch U18"]
[Site "Salobrena"]
[Date "2020.08.20"]
[Round "6"]
[White "Diaz Mino, Pablo"]
[Black "Gonzalez Lema, Carlos"]
[Result "1-0"]
[WhiteElo "2100"]
[BlackElo "2062"]
[PlyCount "53"]
[EventDate "2020.08.17"]
[EventType "swiss"]
[EventRounds "9"]
[EventCountry "ESP"]
[SourceTitle "CBM 197 Extra"]
[Source "ChessBase"]
[SourceDate "2020.09.30"]
[SourceVersion "1"]
[SourceVersionDate "2020.09.30"]
[SourceQuality "1"]

1. e4 e5 2. Nf3 Nc6 3. Bb5 a6 4. Ba4 Nf6 5. d4 exd4 6. 0-0 Be7 7. Re1 b5 8. Bb3 d6 9. Bd5 Nxd5 10. exd5 Ne5 11. Nxd4 c5 12. dxc6 Qc7 13. Nc3 Be6 14. Nxe6 fxe6 15. Qh5+ g6 16. Qh3 b4 17. Ne4 0-0 18. Qxe6+ Rf7 19. Bg5 Qc8 20. Qxc8+ Rxc8 21. Bxe7 Rxe7 22. Nf6+ Kg7 23. Nd5 Rf7 24. c7 Nc4 25. a3 bxa3 26. b3 Ne5 27. Rxa3 1-0

[Event "ESP-ch U18"]
[Site "Salobrena"]
[Date "2020.08.19"]
[Round "4"]
[White "Diaz Mino, Pablo"]
[Black "Claramunt Bassegoda, Marcel"]
[Result "1/2-1/2"]
[WhiteElo "2100"]
[BlackElo "1982"]
[PlyCount "93"]
[EventDate "2020.08.17"]
[EventType "swiss"]
[EventRounds "9"]
[EventCountry "ESP"]
[SourceTitle "CBM 197 Extra"]
[Source "ChessBase"]
[SourceDate "2020.09.30"]
[SourceVersion "1"]
[SourceVersionDate "2020.09.30"]
[SourceQuality "1"]

1. e4 c6 2. d4 d5 3. e5 Bf5 4. h4 h5 5. c4 e6 6. Nc3 Bb4 7. Qb3 c5 8. cxd5 exd5 9. dxc5 Nc6 10. Bb5 Qa5 11. Bxc6+ bxc6 12. Nf3 Bxc3+ 13. Qxc3 Qxc3+ 14. bxc3 Rb8 15. Nd4 Bd7 16. Bg5 Ne7 17. Bxe7 Kxe7 18. 0-0 Rb2 19. Rfb1 Rhb8 20. Rxb2 Rxb2 21. a4 Kd8 22. f4 g6 23. e6 fxe6 24. a5 Ke7 25. Kh2 Kf6 26. Kg3 e5 27. fxe5+ Kxe5 28. Re1+ Kf6 29. Rf1+ Ke7 30. Ra1 Kf6 31. Ra4 Rd2 32. Ra3 Rb2 33. Ra4 Rd2 34. Ra3 Rb2 35. a6 Ke5 36. Ra4 Rb1 37. Nf3+ Ke6 38. Ra3 Kf6 39. Nd4 Ke5 40. Ra2 Rc1 41. Ne2 Rb1 42. Nd4 Rc1 43. Ra3 Ke4 44. Nf3 Bf5 45. Nd4 Bd7 46. Nf3 Bf5 47. Nd4 1/2-1/2

[Event "ESP-ch 84th"]
[Site "Marbella"]
[Date "2019.11.22"]
[Round "7"]
[White "Gomez Dieguez, David"]
[Black "Diaz Mino, Pablo"]
[Result "1-0"]
[WhiteElo "2336"]
[BlackElo "2135"]
[PlyCount "61"]
[EventDate "2019.11.16"]
[EventType "swiss"]
[EventRounds "9"]
[EventCountry "ESP"]
[SourceTitle "CBM 193 Extra"]
[Source "ChessBase"]
[SourceDate "2020.01.31"]
[SourceVersion "1"]
[SourceVersionDate "2020.01.31"]
[SourceQuality "1"]

1. e4 e5 2. Nf3 Nc6 3. Bb5 f5 4. Nc3 fxe4 5. Nxe4 Nf6 6. Nxf6+ Qxf6 7. Qe2 Be7 8. Bxc6 dxc6 9. Nxe5 0-0 10. d4 Bd6 11. f4 Qh4+ 12. g3 Qh3 13. Be3 Bxe5 14. dxe5 Rd8 15. Bd2 Rd5 16. 0-0-0 Bg4 17. Qf1 Qh5 18. Re1 Bf3 19. Rg1 Rad8 20. Bc3 Rd1+ 21. Rxd1 Rxd1+ 22. Qxd1 Bxd1 23. Rxd1 Qh3 24. b3 h5 25. Rd8+ Kf7 26. Bb4 c5 27. Bxc5 Qxh2 28. f5 g5 29. e6+ Kf6 30. Rf8+ Kg7 31. e7 1-0

[Event "ESP-ch 84th"]
[Site "Marbella"]
[Date "2019.11.20"]
[Round "5"]
[White "Garcia Blazquez, Perez Manuel"]
[Black "Diaz Mino, Pablo"]
[Result "0-1"]
[WhiteElo "1856"]
[BlackElo "2135"]
[PlyCount "50"]
[EventDate "2019.11.16"]
[EventType "swiss"]
[EventRounds "9"]
[EventCountry "ESP"]
[SourceTitle "CBM 193 Extra"]
[Source "ChessBase"]
[SourceDate "2020.01.31"]
[SourceVersion "1"]
[SourceVersionDate "2020.01.31"]
[SourceQuality "1"]

1. e4 e5 2. Nf3 Nc6 3. d4 exd4 4. Nxd4 Bb4+ 5. c3 Bc5 6. Be3 Bb6 7. Nf5 Bxe3 8. Nxe3 Nf6 9. Nd2 0-0 10. Be2 Re8 11. Qc2 d5 12. exd5 Nxd5 13. 0-0-0 Nxe3 14. fxe3 Qg5 15. Bd3 h6 16. Nc4 Be6 17. Kb1 Rad8 18. e4 b5 19. Nd2 b4 20. Nf3 Qa5 21. c4 b3 22. axb3 Nb4 23. Qe2 Qa2+ 24. Kc1 Nxd3+ 25. Rxd3 Qa1+ 0-1

[Event "ESP-ch 84th"]
[Site "Marbella"]
[Date "2019.11.18"]
[Round "3"]
[White "Garcia Ramos, Daniel"]
[Black "Diaz Mino, Pablo"]
[Result "1-0"]
[WhiteElo "2350"]
[BlackElo "2135"]
[PlyCount "79"]
[EventDate "2019.11.16"]
[EventType "swiss"]
[EventRounds "9"]
[EventCountry "ESP"]
[SourceTitle "CBM 193 Extra"]
[Source "ChessBase"]
[SourceDate "2020.01.31"]
[SourceVersion "1"]
[SourceVersionDate "2020.01.31"]
[SourceQuality "1"]

1. e4 e5 2. Nf3 Nc6 3. Bb5 f5 4. d3 fxe4 5. dxe4 Nf6 6. 0-0 Bc5 7. Qe2 d6 8. a4 a5 9. Nc3 0-0 10. Be3 Bxe3 11. fxe3 Nb4 12. Rad1 Qe7 13. Bc4+ Kh8 14. h3 Bd7 15. b3 Qe8 16. Nh4 Qh5 17. Rxf6 Qxh4 18. Rf3 Rf6 19. Rxf6 gxf6 20. Qf3 Rf8 21. Nd5 Nxd5 22. Bxd5 Bc8 23. Rf1 Qg5 24. Kh2 Kg7 25. Qe2 h5 26. Qe1 b6 27. Rf3 Kh8 28. Qf2 Bd7 29. Bc4 Kh7 30. Kg1 f5 31. exf5 e4 32. h4 Qf6 33. Rf4 c6 34. Be2 Kh6 35. Rxe4 d5 36. Qf4+ Kh7 37. Re5 Bxf5 38. Rxf5 Qxf5 39. Bd3 Qxd3 40. Qc7+ 1-0

[Event "Iberoamerican-ch 7th"]
[Site "Linares"]
[Date "2019.08.18"]
[Round "9"]
[White "Blanco Acevedo, Cristobal Jose"]
[Black "Diaz Mino, Pablo"]
[Result "1-0"]
[WhiteElo "2342"]
[BlackElo "2239"]
[PlyCount "95"]
[EventDate "2019.08.10"]
[EventType "swiss"]
[EventRounds "9"]
[EventCountry "ESP"]
[SourceTitle "CBM 191 Extra"]
[Source "ChessBase"]
[SourceDate "2019.09.30"]
[SourceVersion "1"]
[SourceVersionDate "2019.09.30"]
[SourceQuality "1"]

1. c4 Nf6 2. Nc3 g6 3. e4 d6 4. d4 Bg7 5. Be2 0-0 6. Be3 Nbd7 7. g4 e5 8. d5 Nc5 9. f3 a5 10. Qd2 Bd7 11. h4 h5 12. Bg5 Kh7 13. gxh5 gxh5 14. 0-0-0 Qe8 15. Nh3 Ng8 16. Rdg1 f6 17. Be3 Bh6 18. Ng5+ Kh8 19. f4 exf4 20. Bd4 Bg7 21. Qxf4 Qg6 22. Nh3 Qh7 23. Kb1 Rae8 24. Nf2 Re7 25. Rh2 Be8 26. Rhg2 Nd7 27. Qg3 Ne5 28. c5 Nh6 29. Ka1 Rg8 30. cxd6 cxd6 31. Qf4 Rf8 32. Bb5 Nhg4 33. Bxe8 Rfxe8 34. Nxg4 Nxg4 35. Qxd6 b5 36. b4 axb4 37. Qxb4 Rxe4 38. Qxb5 Re1+ 39. Kb2 Qg8 40. Rxe1 Rxe1 41. Re2 Rxe2+ 42. Qxe2 Qb8+ 43. Kc2 Qc8 44. Qe7 Qf5+ 45. Kb3 Nh6 46. Qe8+ Kh7 47. d6 Qa5 48. d7 1-0

[Event "Iberoamerican-ch 7th"]
[Site "Linares"]
[Date "2019.08.13"]
[Round "4"]
[White "Diaz Mino, Daniel"]
[Black "Diaz Mino, Pablo"]
[Result "1-0"]
[WhiteElo "1888"]
[BlackElo "2239"]
[PlyCount "139"]
[EventDate "2019.08.10"]
[EventType "swiss"]
[EventRounds "9"]
[EventCountry "ESP"]
[SourceTitle "CBM 191 Extra"]
[Source "ChessBase"]
[SourceDate "2019.09.30"]
[SourceVersion "1"]
[SourceVersionDate "2019.09.30"]
[SourceQuality "1"]

1. e4 e5 2. Nf3 Nc6 3. d4 exd4 4. Nxd4 Bb4+ 5. c3 Bc5 6. Nxc6 bxc6 7. Bc4 Qh4 8. 0-0 Nf6 9. g3 Qh3 10. Qf3 0-0 11. Bf4 d6 12. Nd2 Nh5 13. Be2 Nxf4 14. Qxf4 Be6 15. Bf3 a5 16. Nb3 Bxb3 17. Bg4 Qh6 18. Qxh6 gxh6 19. axb3 Rfb8 20. Bd1 d5 21. Ra4 Rd8 22. Bc2 Bb6 23. Rd1 Rab8 24. Kg2 Rd6 25. e5 Re6 26. Rg4+ Kh8 27. f4 Bc5 28. Ra1 Ree8 29. Rh4 f6 30. Rxh6 fxe5 31. Rxh7+ Kg8 32. Kh3 e4 33. Rxc7 Re6 34. Re1 Bd6 35. Rxc6 Kf7 36. Ra6 Rh8+ 37. Kg2 Reh6 38. Ra7+ Ke6 39. Rh1 Rg8 40. Ra6 Rh5 41. Re1 Rgh8 42. h4 Rg8 43. Kh3 Rh7 44. c4 Rhg7 45. cxd5+ Kxd5 46. Bxe4+ Kc5 47. Rc6+ Kb4 48. Rxd6 Rxg3+ 49. Kh2 R3g4 50. Rh6 Rxf4 51. Bd5 Rgg4 52. Kh3 Rd4 53. Rc1 Kb5 54. Bc4+ Kb4 55. Rb6+ Kc5 56. Be6+ Kxb6 57. Bxg4 Rd3+ 58. Kg2 Rxb3 59. Rc2 Rd3 60. Bf3 Rd8 61. h5 Kb5 62. Kh3 Kb4 63. Rg2 Kb3 64. Bg4 Rd6 65. Kh4 a4 66. Kg5 Rd5+ 67. Bf5 Rd8 68. Bg6 Rd5+ 69. Kh6 Rd7 70. Bc2+ 1-0

[Event "Iberoamerican-ch 7th"]
[Site "Linares"]
[Date "2019.08.10"]
[Round "1"]
[White "Cuenca Jimenez, Jose Fernando"]
[Black "Diaz Mino, Pablo"]
[Result "1-0"]
[WhiteElo "2515"]
[BlackElo "2239"]
[PlyCount "87"]
[EventDate "2019.08.10"]
[EventType "swiss"]
[EventRounds "9"]
[EventCountry "ESP"]
[SourceTitle "CBM 191 Extra"]
[Source "ChessBase"]
[SourceDate "2019.09.30"]
[SourceVersion "1"]
[SourceVersionDate "2019.09.30"]
[SourceQuality "1"]

1. Nf3 Nf6 2. c4 e6 3. g3 d5 4. d4 Be7 5. Bg2 0-0 6. 0-0 c6 7. Qc2 b6 8. Nbd2 Bb7 9. e4 Na6 10. a3 c5 11. exd5 exd5 12. dxc5 Nxc5 13. b4 Ne6 14. Bb2 Rc8 15. Ne5 Qc7 16. Rac1 d4 17. Bxb7 Qxb7 18. Qf5 Nd7 19. Nef3 a5 20. Nxd4 Nxd4 21. Bxd4 axb4 22. axb4 Bxb4 23. Ne4 Rc6 24. Rfd1 Nc5 25. Ng5 Rg6 26. Rb1 Ba3 27. h4 Ne6 28. Ne4 Nxd4 29. Rxd4 Qc6 30. Rbd1 Re6 31. Ng5 g6 32. Qd3 Bc5 33. Nxe6 Qxe6 34. Rf4 Qh3 35. Qf3 h5 36. Qg2 Qe6 37. Kh2 Qe2 38. Rd7 Qe6 39. Qd5 Qe8 40. Kg2 Kg7 41. Re4 Qc8 42. g4 hxg4 43. Rxg4 Qa8 44. Rxf7+ 1-0

[Event "Dos Hermanas rapid 31st"]
[Site "Dos Hermanas"]
[Date "2019.05.25"]
[Round "8"]
[White "Diaz Mino, Pablo"]
[Black "Gomez Ledo, Roberto Carlos"]
[Result "0-1"]
[WhiteElo "2177"]
[BlackElo "2446"]
[PlyCount "58"]
[EventDate "2019.05.25"]
[EventType "swiss (rapid)"]
[EventRounds "8"]
[EventCountry "ESP"]
[SourceTitle "CBM 190 Extra"]
[Source "ChessBase"]
[SourceDate "2019.07.15"]
[SourceVersion "1"]
[SourceVersionDate "2019.07.15"]
[SourceQuality "1"]

1. d4 Nf6 2. c4 e6 3. g3 d5 4. Nf3 dxc4 5. Bg2 Nc6 6. 0-0 Rb8 7. a4 a6 8. a5 b5 9. axb6 cxb6 10. Nc3 Bb7 11. e4 Nb4 12. Qe2 b5 13. d5 Bc5 14. dxe6 fxe6 15. Rd1 Qb6 16. Bf4 Rc8 17. Ne5 0-0 18. Bg5 Bc6 19. Nxc6 Nxc6 20. e5 Ne8 21. Ne4 Bd4 22. Bh3 Nc7 23. Kh1 Nxe5 24. f4 Nd3 25. Be7 Rfe8 26. Nd6 Rxe7 27. Nxc8 Qb7+ 28. Qg2 Nf2+ 29. Kg1 Nxd1+ 0-1

[Event "Gibraltar Challengers op-B"]
[Site "Caleta"]
[Date "2019.01.30"]
[Round "5"]
[White "Diaz Mino, Pablo"]
[Black "Haase, Pavel"]
[Result "1/2-1/2"]
[WhiteElo "2085"]
[BlackElo "2141"]
[PlyCount "149"]
[EventDate "2019.01.26"]
[EventType "swiss"]
[EventRounds "5"]
[EventCountry "GGB"]
[SourceTitle "CBM 188 Extra"]
[Source "ChessBase"]
[SourceDate "2019.02.26"]
[SourceVersion "1"]
[SourceVersionDate "2019.02.26"]
[SourceQuality "1"]

1. d4 f5 2. g3 Nf6 3. Bg2 e6 4. Nf3 Be7 5. 0-0 0-0 6. c4 Ne4 7. Qc2 Bf6 8. Nc3 Nxc3 9. Qxc3 d6 10. Rd1 Nd7 11. Qc2 g6 12. Bh6 Re8 13. e4 fxe4 14. Qxe4 e5 15. Qd5+ Kh8 16. c5 exd4 17. Re1 Ne5 18. cxd6 Be6 19. Qxb7 Qxd6 20. Nxe5 Bxe5 21. Rxe5 Qxe5 22. Bf4 Qg7 23. Rc1 Rac8 24. Qxa7 g5 25. Bd2 c5 26. Qa5 Qc7 27. Qa3 Qe7 28. Re1 Qf6 29. Bb7 Rc7 30. Bd5 Rf7 31. f4 Qf5 32. Qxc5 Qxd5 33. Qxd5 Bxd5 34. Rxe8+ Kg7 35. Rd8 Bxa2 36. Rxd4 gxf4 37. Bxf4 Bb3 38. Rb4 Bd5 39. Rb6 Ra7 40. h4 Bf3 41. Kf2 Bg4 42. Ke3 Rd7 43. Be5+ Kf7 44. Kf4 h5 45. Rf6+ Ke7 46. Rg6 Rd5 47. Rg5 Ke6 48. Bc3 Rd8 49. Rg6+ Kd5 50. Rf6 Re8 51. Ra6 Re4+ 52. Kg5 Re3 53. Ra5+ Kc6 54. Be5 Rb3 55. Ra3 Rb5 56. Kf6 Kd5 57. Rd3+ Ke4 58. Rd4+ Kf3 59. Rf4+ Ke3 60. Bd4+ Kd3 61. Bc3 Rb6+ 62. Kg5 Rb5+ 63. Kg6 Rb6+ 64. Rf6 Rb5 65. Rd6+ Ke3 66. Bd2+ Kf3 67. Bf4 Rxb2 68. Rd3+ Kg2 69. Rd5 Rb6+ 70. Kg5 Kh3 71. Rc5 Ra6 72. Re5 Rc6 73. Ra5 Rb6 74. Ra7 Rc6 75. Ra5 1/2-1/2

[Event "Gibraltar Challengers op-B"]
[Site "Caleta"]
[Date "2019.01.29"]
[Round "4"]
[White "Pavlov, Egor"]
[Black "Diaz Mino, Pablo"]
[Result "0-1"]
[WhiteElo "2187"]
[BlackElo "2085"]
[PlyCount "176"]
[EventDate "2019.01.26"]
[EventType "swiss"]
[EventRounds "5"]
[EventCountry "GGB"]
[SourceTitle "CBM 188 Extra"]
[Source "ChessBase"]
[SourceDate "2019.02.26"]
[SourceVersion "1"]
[SourceVersionDate "2019.02.26"]
[SourceQuality "1"]

1. Nf3 Nf6 2. c4 g6 3. Nc3 Bg7 4. e4 d6 5. d4 0-0 6. h3 e5 7. d5 a5 8. g4 Na6 9. Be3 Nc5 10. Qc2 b6 11. 0-0-0 Bd7 12. Be2 Qe7 13. Nd2 c6 14. g5 Ne8 15. h4 Nc7 16. Nb3 cxd5 17. Nxc5 bxc5 18. Nxd5 Nxd5 19. Rxd5 Be6 20. Rd3 Rfb8 21. Rb3 Rb4 22. Bd2 Rxb3 23. Qxb3 Qc7 24. f3 Bd7 25. Rd1 Bc6 26. Be3 Rb8 27. Qd3 Bf8 28. h5 Qb7 29. Qd2 Qb4 30. hxg6 hxg6 31. Bd3 Qxd2+ 32. Rxd2 Be7 33. Be2 Kg7 34. Rd3 a4 35. Ra3 Rh8 36. b3 Rh2 37. Kd2 Bd8 38. bxa4 Ba5+ 39. Kd3 Bb4 40. Rb3 Bxa4 41. Rb2 Bd1 42. f4 exf4 43. Bxf4 Rh3+ 44. Be3 Ba4 45. Bf1 Rh1 46. Rf2 Be1 47. Rf6 Rh2 48. Be2 Bg3 49. Bf4 Bxf4 50. Rxf4 Rg2 51. Rf6 Rxg5 52. Rxd6 Rg3+ 53. Kd2 Ra3 54. Rd5 Rxa2+ 55. Ke3 Ra3+ 56. Kf4 f6 57. Bf3 g5+ 58. Kg4 Rc3 59. Rxc5 Bd7+ 60. Kg3 g4 61. Rc7 Rxf3+ 62. Kg2 Rd3 63. c5 Kg6 64. c6 Be6 65. Re7 Bc8 66. Re8 Ba6 67. Ra8 Re3 68. Rxa6 Rxe4 69. c7 Rc4 70. Ra4 Rc2+ 71. Kg3 f5 72. Kf4 Rxc7 73. Ra6+ Kh5 74. Kxf5 Rf7+ 75. Ke4 Kh4 76. Rh6+ Kg3 77. Ke3 Re7+ 78. Kd2 Kf2 79. Rf6+ Kg2 80. Rg6 g3 81. Rg8 Kf2 82. Rf8+ Kg1 83. Rg8 g2 84. Rh8 Re5 85. Kd1 Kf2 86. Rf8+ Kg3 87. Rg8+ Kf3 88. Rg7 Re4 0-1

[Event "Lorca op 7th"]
[Site "Lorca"]
[Date "2018.12.26"]
[Round "1"]
[White "Diaz Mino, Pablo"]
[Black "Svetushkin, Dmitry"]
[Result "0-1"]
[WhiteElo "2101"]
[BlackElo "2592"]
[PlyCount "79"]
[EventDate "2018.12.26"]
[EventType "swiss"]
[EventRounds "9"]
[EventCountry "ESP"]
[SourceTitle "CBM 188 Extra"]
[Source "ChessBase"]
[SourceDate "2019.02.26"]
[SourceVersion "1"]
[SourceVersionDate "2019.02.26"]
[SourceQuality "1"]

1. d4 Nf6 2. c4 e6 3. g3 Bb4+ 4. Bd2 a5 5. Bg2 d6 6. a3 Bxd2+ 7. Qxd2 0-0 8. Nf3 Nbd7 9. 0-0 e5 10. e3 Re8 11. Nc3 c6 12. Rfd1 e4 13. Ng5 d5 14. cxd5 cxd5 15. Nh3 Nb6 16. b3 Bg4 17. Rdc1 Qd7 18. Nf4 g5 19. Nfe2 h5 20. a4 Re6 21. Nb5 Rc6 22. Nec3 Kg7 23. Rf1 Bf3 24. h3 h4 25. Kh2 hxg3+ 26. fxg3 Rh8 27. Rae1 Rcc8 28. Kg1 Bxg2 29. Qxg2 Rxh3 30. Nd6 Rch8 31. Nf5+ Kg6 32. Nb5 Nc8 33. Rc1 Ne7 34. Nxe7+ Qxe7 35. Rc7 Qe6 36. Rxb7 Rh1+ 37. Qxh1 Rxh1+ 38. Kxh1 Qh3+ 39. Kg1 Qxg3+ 40. Kh1 0-1